Who Done It? 2 - Statistics

General Stats
  • This quiz has been taken 28 times
  • The average score is 7 of 15
Answer Stats
Hint Answer % Correct
This state is the westernmost of the US. Alaska
95%
This country thinks it owns South Korea North Korea
95%
This country is known for its cuisine inculding the same four ingredients in a different style eggs, flour, tomatoes, and cheese (their meatballs are worse than Sweden's) Italy
86%
This capital city is the most populous in Indonesia Jakarta
77%
This country owns the Faroe Islands Denmark
73%
This country's capital is Manila Philippines
59%
This former country fought the Punic Wars against Rome Carthage
50%
This city in Canada is in the province of Alberta and is home to the Oilers, a rival to the Calgary Flames Edmonton
45%
This country's flag has the its motto "Ordem e Progresso" on it along with a constalation Brazil
36%
This empire, at its peak, was the second biggest Turkey based empire Byzantine
36%
This word is the most used in country names (excluding words such as of, republic, kingdom, democratic, etc.) Guinea
18%
This symbol is prominent in all of the Scandanavian flags Nordic Cross
18%
This flag is the Mexican flag with the eagle replaced with 1824 symbolizing Mexico's surrender in the namesake battle Alamo
14%
This country is the only in North America to utilize pink in their flag Mexico
14%
This US city is the only in the country where all of the sports teams are the same colors. Pittsburgh
9%
No matching quizzes found
Score Distribution
Percent of People with Each Score
Percentile by Number Answered
Your Score History
You have not taken this quiz